| 000 | 00553nam a2200205Ia 4500 | ||
|---|---|---|---|
| 005 | 20260429112305.0 | ||
| 008 | 260429s9999||||xx |||||||||||||| ||und|| | ||
| 020 | _a9789385166648 | ||
| 041 | _aEnglish | ||
| 082 |
_a658.15 _bSIN |
||
| 100 | _aSingh, Preeti | ||
| 245 | 0 |
_aFundamentals of financial management / _cPreeti Singh |
|
| 250 | _a3rd ed. | ||
| 260 |
_aNew Delhi : _bAne Books Pvt. Ltd., _c2026. |
||
| 300 | _axviii, 703 p.; hb | ||
| 650 | _a Business management | ||
| 650 | _a Finance | ||
| 650 | _aFinancial management | ||
| 942 | _cTB | ||
| 999 |
_c53337 _d53337 |
||